Vlastimil Brodský /

Uložené v:
Podrobná bibliografia
Hlavný autor: Balvín, Josef 1923-2009 (Author)
Médium: Kniha
Jazyk:Czech
Vydané: Praha : Orbis, 1967.
Vydanie:1. vyd.
Edícia:Proměny (Orbis) sv. 21
ISBN: (brož.)
Fyzický popis: 120 s. : 30 obr. príl.
Tagy: Pridať tag
Žiadne tagy, Buďte prvý kto otaguje tento záznam!

MARC

LEADER 00000nam a2200000 a 4500
001 000171849
005 20140314210727.0
008 040101s1967 xr e cze d
020 |a (brož.)  |c Kčs 9,00 
040 |a SVKKK  |b slo  |c SVKKK  |e AACR2 
041 0 |a cze 
044 |a xr  |c CZ 
100 1 |a Balvín, Josef  |d 1923-2009  |4 aut 
245 1 0 |a Vlastimil Brodský /  |c Josef Balvín. 
250 |a 1. vyd. 
260 |a Praha :  |b Orbis,  |c 1967. 
300 |a 120 s. :  |b 30 obr. príl. 
490 1 |a Proměny  |v sv. 21 
830 0 |a Proměny (Orbis)  |v sv. 21 
910 |a svkkk 
998 |a BK 
090 |g SCKHL  |k Sklad Hlavná 10 suterén  |a I.32052  |j 387889  |i 2720624377  |s Povinný výt.